000 00382nam a22001577a 4500
999 _c10354
_d10354
003 OSt
008 210112b ||||| |||| 00| 0 eng d
020 _a9788123717869
100 _aBHATTACHARYA, Tapan
245 _aThe Shrinking Universe
250 _a1st Ed.
260 _aNew Delhi
_bNational Book Trust India
_c2013
300 _a144
650 _aGENERAL
942 _2ddc
_cREF